Journalism Changing Society Emerging Trends (Record no. 3939)

MARC details
000 -LEADER
fixed length control field 00427nam a22001697a 4500
005 - DATE AND TIME OF LATEST TRANSACTION
control field 20160625103801.0
008 - FIXED-LENGTH DATA ELEMENTS--GENERAL INFORMATION
fixed length control field 160625b xxu||||| |||| 00| 0 eng d
020 ## - INTERNATIONAL STANDARD BOOK NUMBER
ISBN 81-7273-235-X
041 ## - LANGUAGE CODE
Language code of text/sound track or separate title eng
082 ## - DEWEY DECIMAL CLASSIFICATION NUMBER
Item number 10119
100 ## - MAIN ENTRY--AUTHOR NAME
Personal name Chakravarty, Jagdish
245 ## - TITLE STATEMENT
Title Journalism Changing Society Emerging Trends
260 ## - PUBLICATION, DISTRIBUTION, ETC. (IMPRINT)
Name of publisher Authours Press
Year of publication 2005
300 ## - PHYSICAL DESCRIPTION
Number of Pages 238
650 ## - SUBJECT ADDED ENTRY--TOPICAL TERM
Topical Term Mass Communication
942 ## - ADDED ENTRY ELEMENTS (KOHA)
Koha item type Books
Holdings
Lost status Damaged status Home library Current library Shelving location Date acquired Cost, normal purchase price Full call number Accession Number Koha item type
    JRU Library   SHELF-32-G 25/06/2016 200.00 10119 10119 Books
    JRU Library   SHELF-32-G 25/06/2016 200.00 10119 10120 Books
    JRU Library   SHELF-32-G 25/06/2016 200.00 10119 10121 Books
    JRU Library   SHELF-32-G 25/06/2016 200.00 10119 10122 Books
    JRU Library   SHELF-32-G 25/06/2016 200.00 10119 10123 Books